| Tag |
First Indicator |
Second Indicator |
Subfields |
| LEADER |
00000cam a2200000 a 4500 |
| 001 |
in00001662829 |
| 005 |
20151024121505.0 |
| 008 |
000911s2000 nyu b 000 0 eng |
| 010 |
|
|
|a 00048064
|
| 020 |
|
|
|a 0773475729
|
| 020 |
|
|
|a 077347868X (series)
|
| 035 |
|
|
|a (OCoLC)ocm45094177
|
| 040 |
|
|
|a DLC
|c DLC
|d TXA
|d UtOrBLW
|
| 043 |
|
|
|a n-us---
|
| 049 |
|
|
|a TXAM
|
| 050 |
0 |
0 |
|a PS531
|b .S45 2000
|
| 082 |
0 |
0 |
|a 810.9/002
|2 21
|
| 245 |
0 |
0 |
|a Sensationalist literature and popular culture in the early American republic :
|b an anthology of exotic nonfiction, wonder tales and whoppers /
|c compiled and edited by Edward W.R. Pitcher and D. Sean Hartigan.
|
| 264 |
|
1 |
|a Lewiston, N.Y. :
|b Edwin Mellen Press,
|c [2000]
|
| 264 |
|
4 |
|c ©2000
|
| 300 |
|
|
|a 400 pages ;
|c 24 cm.
|
| 336 |
|
|
|a text
|b txt
|2 rdacontent
|
| 337 |
|
|
|a unmediated
|b n
|2 rdamedia
|
| 338 |
|
|
|a volume
|b nc
|2 rdacarrier
|
| 490 |
1 |
|
|a Studies in British and American magazines ;
|v v. 10
|
| 504 |
|
|
|a Includes bibliographical references (pages 397-400).
|
| 650 |
|
0 |
|a American literature
|y 1783-1850.
|
| 650 |
|
0 |
|a American literature
|y Revolutionary period, 1775-1783.
|
| 650 |
|
0 |
|a Popular culture
|z United States
|x History
|y 18th century
|v Sources.
|
| 650 |
|
0 |
|a Popular culture
|z United States
|x History
|y 19th century
|v Sources.
|
| 650 |
|
0 |
|a Sensationalism in literature
|v Sources.
|
| 650 |
|
0 |
|a Popular literature
|z United States.
|
| 700 |
1 |
|
|a Pitcher, Edward W. R.
|
| 700 |
1 |
|
|a Hartigan, D. Sean.
|
| 830 |
|
0 |
|a Studies in British and American magazines ;
|v v. 10.
|
| 948 |
|
|
|a cataloged
|b h
|c 2002/5/24
|d c
|e dmitchel
|f 10:00:00 am
|
| 994 |
|
|
|a E0
|b TXA
|
| 999 |
|
|
|a MARS
|
| 999 |
f |
f |
|s 5efe6851-878f-34d5-92e0-b779138f2cda
|i 3feb588e-2eff-3da8-ac97-c052ac7320e2
|t 0
|
| 952 |
f |
f |
|p ric
|a Texas A&M University
|b Rellis Campus
|c Joint Library Facility
|d Remote Storage
|t 0
|e PS531 .S45 2000
|h Library of Congress classification
|i unmediated -- volume
|m A14828932090
|
| 998 |
f |
f |
|a PS531 .S45 2000
|t 0
|l Remote Storage
|